Tous les jeux Call of Duty (2003-2019) - Statistiques

Statistiques générales
  • Ce quiz a été pris 341 fois
    311 depuis la dernière actualisation
  • Le résultat moyen est 10 sur 36
Statistiques - réponses
Année de sortie Jeux % Correct
2010 Call of Duty : Black Ops
96%
2019 Call of Duty : Modern Warfare
90%
2003 Call of Duty
85%
2007 Call of Duty 4 : Modern Warfare
85%
2009 Call of Duty : Modern Warfare 2
78%
2005 Call of Duty 2
64%
2006 Call of Duty 3 : En marche vers Paris
59%
2011 Call of Duty : Modern Warfare 3
57%
2014 Call of Duty : Advanced Warfare
50%
2012 Call of Duty : Black Ops II
43%
2015 Call of Duty : Black Ops III
42%
2016 Call of Duty : Infinite Warfare
42%
2018 Call of Duty : Black Ops IIII
31%
2013 Call of Duty : Ghosts
28%
2008 Call of Duty : World at War
27%
2021 Call of Duty : Vanguard
17%
2017 Call of Duty : WWII
17%
2019 Call of Duty : Mobile
13%
2020 Call of Duty : Black Ops Cold War
12%
2020 Call of Duty : Warzone
10%
2016 Call of Duty : Modern Warfare Remastered
9%
2022 Call of Duty : Modern Warfare II
6%
2012 Call of Duty : Black Ops Declassified
4%
2005 Call of Duty 2 : Big Red One
3%
2004 Call of Duty : Le Jour de Gloire
3%
2020 Call of Duty : Modern Warfare 2 Campaign Remastered
3%
2015 Call of Duty : Online
2%
2014 Call of Duty : Heroes
1%
2004 Call of Duty : La Grande Offensive
1%
2022 Call of Duty : Warzone 2.0
1%
2008 Call of Duty : World at War : Final Fronts
1%
2009 Call of Duty : Zombies
1%
2019 Call of Duty : Global Operation
0%
2007 Call of Duty : Les chemins de la victoire
0%
2013 Call of Duty : Strikes Team
0%
2010 Call of Duty : The War Collection
0%
Aucun quiz correspondant
Distribution des résultats
% des personnes avec chaque résultat
Percentile par nombre de réponses
Votre historique - résultats
Vous n’avez pas pris ce quiz depuis la dernière actualisation